000
00371nam a2200157 a 4500
001
2771
005
20140414131912.0
008
050928s19uu xx 00 eng d
020
_a
0-7214-0485-5
050
_a
ER
_b
D547 1985
245
_a
Dick Whittington.
260
_b
Ladybird Books.
300
_a
51p. : ill. ; cm.
440
_a
Read it yourself
999
_c
111260
_d
111260